| 000 | 00758nam a2200241 a 4500 | ||
|---|---|---|---|
| 008 | |||
| 020 | _a0070234116 (hbk.) | ||
| 049 | _aMAIN | ||
| 090 |
_aQA76.5 _bGIL |
||
| 100 | 1 | _aGilmore, Charles Minot. | |
| 245 | 1 | 0 |
_aMicroprocessors : _bprinciples and applications / _cCharles M. Gilmore. |
| 260 |
_aNew York : _bMcGraw-Hill, _cc1989. |
||
| 300 |
_axvii, 508 p. : _bill. ; _c29 cm. |
||
| 440 | 0 | _aBasic skills in electricity and electronics. | |
| 500 | _aRev. ed. of: Introduction to microprocessors. c1981. | ||
| 500 | _aIncludes index. | ||
| 650 | 0 | _aMicroprocessors. | |
| 907 |
_a.b10003174 _b16-08-11 _c17-04-03 |
||
| 003 | |||
| 005 | 20230123133505.0 | ||
| 040 | _cNUST | ||
| 942 |
_cBOOKS _kQA76.5 _mGIL |
||
| 999 |
_c149483 _d149483 |
||